000
00234 a2200097 4500
001
36359
100
_a
Schoenbeck, R.J
245
_a
Electronic communication modulatu & trans
260
_a
New York
_b
Merrill
_c
090
_c
23567
_d
23567
942
_a
NUST-CAE
_c
15077
_c
M
999
_c
271432
_d
271432